Loading...

Vakkukal Vakkukal /

Bibliographic Details
Main Author: Gopalaksihnan, Edayali
Language:Undetermined
Published: author 1980
LEADER 00577nam a2200145Ia 4500
001 68021
008 170722s9999 xx 000 0 und d
100 |a Gopalaksihnan, Edayali 
245 |a Vakkukal Vakkukal / 
260 |b author  |c 1980 
300 |a 126  |c 18 cm. 
942 |c GEN 
999 |c 10681  |d 10681 
952 |0 0  |1 0  |4 0  |6 O_3261NGO20X_M0KRM01  |7 0  |8 KR  |9 12333  |a LIB  |b LIB  |d 2017-08-12  |o O32,61NGO20x M0(KR)-M0;1  |p 184430  |r 2017-08-12  |v 0.00  |w 2017-08-12  |y GEN 
952 |0 1  |1 0  |4 0  |6 O_3261NGO20X_M0KRM01  |7 0  |9 12334  |a LIB  |b LIB  |d 2017-08-12  |o O32,61NGO20x M0(KR)-M0;1  |p 184431  |r 2017-08-12  |v 0.00  |w 2017-08-12  |y GEN